Îles et lieux de l'émission Koh-Lanta - Mort Subite - Statistiques

Statistiques générales
  • Ce quiz a été pris 37 fois
  • Le résultat moyen est 9 sur 20
Answers on the Grid
Answers color-coded by a green-red scale on the quiz's grid according to % correct below.
Ko Lanta
Nicoya
Bocas del Toro
Las Perlas
Île des Pins
Etafé
Palawan
Caramoan
Palaos
Côn Đảo
Raja Ampat
Sibu
Koh Rong
Seribuat
Ko Yao
Yasawa
Kadavu
Taha'a
Rio Negro
Poum
Hispaniola
Diego Garcia
Bora Bora
Honshu
Taiwan
Java
Sumatra
Sao Tomé
Ibiza
Sakhaline
Lombok
Merapi
Tasmanie
Corse
Svalbard
Naxos
 
Statistiques - réponses
Réponse % Correct
Palawan
82%
Caramoan
75%
Palaos
75%
Raja Ampat
75%
Bocas del Toro
71%
Ko Lanta
68%
Île des Pins
57%
Nicoya
57%
Kadavu
46%
Taha'a
46%
Las Perlas
43%
Côn Đảo
39%
Rio Negro
39%
Koh Rong
36%
Ko Yao
32%
Yasawa
29%
Seribuat
21%
Poum
14%
Sibu
14%
Etafé
11%
Aucun quiz correspondant
Distribution des résultats
% des personnes avec chaque résultat
Percentile par nombre de réponses
Votre historique - résultats
Vous n’avez pas pris ce quiz